000 00492nam a2200169Ia 4500
999 _c10596
_d10596
003 OSt
005 20200101120318.0
008 190216s9999||||xx |||||||||||||| ||und||
040 _coclc
082 _a332.10954
_bDES/I
100 _aDesai, Vasant
_9846
245 0 _aIndian Financial System /
_cVasant Desai
260 _bHimalaya Publishing House,
_c2002.
_aMumbai:
300 _a690p
650 _aEconomics
942 _cBK
_2ddc
_h332.10954
_iDES/I
_k332.10954
_mDES/I